000 01157aab a2200217 i 4500
001 768714001
003 CO-MdFUSB
005 20240618062716.0
008 240418t1986 ag ||||| |||| 00| 0 spa d
040 _bspa
_cCO-MdFUSB
041 _aspa
100 1 _aDeiros, Pablo A. (Alberto) (1945-)
_eautor
245 _aDoctrina y misión
_c/ Pablo A. Deiros
300 _aVolumen 5, número 3 y 4, (diciembre, 1986), páginas: 129 - 130
_c; 27 cm
520 _aEn esencia, la teología cristiana es simplemente un esfuerzo por aclarar el significado y las implicaciones de estos acontecimientos para la existencia humana. Ahora bien, toda enseñanza cristiana se deriva de la experiencia vivida en la propia comprensión y comunicarla más eficazmente a los demás. En este sentido, existe una estrecha relación entre el desarrollo de la doctrina y la realización de la misión cristiana.
650 0 _aMisiones
_9154
650 7 _aTeología dogmática
_96937
650 7 _aTeología dogmática
_vHistoria
_96938
773 0 _tIglesia y Misión
_049402
_959679
_gVolumen 5, número 3 y 4, (diciembre, 1986), páginas: 129 - 130
_qpágina: 129
942 _cANA
999 _c51671
_d51671